[Event "Rome Steinitz op 1st"]
[Site "Rome"]
[Date "2002.07.07"]
[Round "4"]
[White "Lombardi, Raffaele"]
[Black "Gagliardi, Gaetano"]
[Result "1-0"]
[WhiteElo "1476"]
[BlackElo "1767"]
[PlyCount "47"]
[EventDate "2002.07.05"]
[EventType "swiss"]
[EventRounds "5"]
[EventCountry "ITA"]
[SourceTitle "EXT 2007"]
[Source "ChessBase"]
[SourceDate "2006.11.23"]
[SourceVersion "1"]
[SourceVersionDate "2006.11.23"]
[SourceQuality "1"]

1. e4 c5 2. Nf3 Nc6 3. d4 cxd4 4. Nxd4 g6 5. Nc3 Bg7 6. Be3 Nf6 7. Be2 0-0 8. 0-0 d5 9. exd5 Nxd5 10. Nxd5 Qxd5 11. c3 Nxd4 12. Bxd4 e5 13. Be3 Be6 14. Qc2 Bf5 15. Qa4 a6 16. Rad1 Qe4 17. Qa5 Qc2 18. Rd2 Qe4 19. Bf3 Qh4 20. Bxb7 Rad8 21. Rfd1 Rxd2 22. Rxd2 Be6 23. Qxa6 f5 24. Qxe6+ 1-0